Kaiser Guillermo II / (Record no. 141263)

MARC details
000 -LEADER
campo de control de longitud fija 00785nam a22002531 4500
001 - NÚMERO DE CONTROL
campo de control 141263
003 - IDENTIFICADOR DE NÚMERO DE CONTROL
campo de control ES-MaACL
005 - FECHA Y HORA DE LA ÚLTIMA TRANSACCIÓN
campo de control 20250506135627.0
007 - CAMPO FIJO DE DESCRIPCIÓN FÍSICA--INFORMACIÓN GENERAL
campo de control de longitud fija t|
008 - DATOS DE LONGITUD FIJA--INFORMACIÓN GENERAL
campo de control de longitud fija 070920s1967 sp ||||0| spa d
016 7# - NÚMERO DE CONTROL DE UNA AGENCIA BIBLIOGRÁFICA NACIONAL
Número de control cancelado/no válido IND2000945871
040 ## - FUENTE DE CATALOGACIÓN
Centro catalogador/agencia de origen M-BN
Lengua de catalogación spa
Centro/agencia transcriptor CDM
080 ## - NÚMERO DE LA CLASIFICACIÓN DECIMAL UNIVERSAL
Número de la Clasificación Decimal Universal 929 Guillermo (43) II
100 1# - ENTRADA PRINCIPAL--NOMBRE DE PERSONA
Nombre de persona Wilson, Lawrence.
9 (RLIN) 117040
245 10 - MENCIÓN DEL TÍTULO
Título Kaiser Guillermo II /
Mención de responsabilidad, etc. Lawrence Wilson ; [versión realizada por José Miguel Mínguez de la 1ª edición inglesa].
250 ## - MENCION DE EDICION
Mención de edición 1ª ed.
260 ## - PUBLICACIÓN, DISTRIBUCIÓN, ETC.
Lugar de publicación, distribución, etc. Barcelona :
Nombre del editor, distribuidor, etc. Grijalbo,
Fecha de publicación, distribución, etc. 1967.
300 ## - DESCRIPCIÓN FÍSICA
Extensión 288 p. ;
Dimensiones 22 cm.
600 04 - PUNTO DE ACCESO ADICIONAL DE MATERIA--NOMBRE DE PERSONA
Nombre de persona Guillermo II,
Títulos y otros términos asociados al nombre Emperador de Alemania
9 (RLIN) 60805
700 1# - ENTRADA AGREGADA--NOMBRE PERSONAL
Nombre de persona Mínguez, José Miguel.
9 (RLIN) 81348
852 ## - LOCALIZACIÓN
Ubicación ES-MaACL
Número de control de estantería C-32595
Sublocalización o colección R.63212
Holdings
Estatus retirado Estado de pérdida Estado de daño No para préstamo Biblioteca de origen Biblioteca actual Ubicación en estantería Fecha de adquisición Fuente de adquisición Total de préstamos Signatura topográfica completa Código de barras Visto por última vez Precio de reemplazo Tipo de ítem Koha
        Biblioteca del Ateneo de Madrid Biblioteca del Ateneo de Madrid Depósito 2 17/01/2008     C-32595 1146986 23/02/2023 23/02/2023 Libro impreso